| 000 | 00531nam a2200169 a 4500 | ||
|---|---|---|---|
| 001 | 000043192 | ||
| 005 | 20201002040717.0 | ||
| 008 | 140221s1973 sp 000 0 spa d | ||
| 020 | _a8423400530 | ||
| 040 |
_aDO-SdBNP _bspa |
||
| 100 | 1 |
_aSolozábal, José María _970784 |
|
| 245 | 1 | 0 |
_aCurso de Económia / _cJosé María Solozábal. |
| 260 |
_aBilbao : _bDeusto, _c1973. |
||
| 300 |
_a727 p. : _bil. ; _c23 cm. |
||
| 504 | _aBibliografía : 719-727 | ||
| 504 | _aIncluye referencias bibliográficas y notas al pie de las páginas | ||
| 999 |
_c42681 _d42681 |
||